Statistics for Worst Overall Defenses in College Football

Click here to take the quiz!

General Stats

  • This quiz has been taken 16 times
  • The average score is 17 of 25

Answer Stats

PAPGSchool% Correct
24.27UCF
90%
22.92Houston
80%
23.75Liberty
80%
22.51San Jose State
80%
24.01South Florida
80%
28.83UNLV
80%
21.52Colorado State
70%
27.89Florida Atl.
70%
29.74Florida Int.
70%
32.30Georgia State
70%
21.83Hawaii
70%
22.05Kent State
70%
22.42New Mexico
70%
24.42New Mexico State
70%
21.86Rice
70%
27.08UTSA
70%
26.66South Alabama
60%
26.37UAB
60%
24.91UTEP
60%
21.95Air Force
50%
32.40Charlotte
50%
22.34East Carolina
50%
22.19Louisiana-Monroe
50%
24.80Coastal Carolina
40%
30.32Old Dominion
40%

Score Distribution

Percentile by Number Answered

Percent of People with Each Score

Your Score History

You have not taken this quiz